00000000cam 2200000zi 4500
0019.927256
003CaOODSP
00520251212145314
006m     o  d f      
007cr mn|||||||||
008230213e19900330quca    ob   f000 0 fre d
040 |aCaOODSP|bfre|erda|cCaOODSP
0410 |afre|aeng
043 |an-cn-qu
045 |ax8x8
0861 |aEn154-257/1989F-PDF
24510|aDétermination des teneurs en HAP dans l'air ambiant : |bcampagne d'échantillonnage automne, 1989.
264 1|aLachine, Qué. : |bNovalab ltée = Novalab Ltd., |c30 mars 1990.
300 |a1 ressource en ligne (1 volume (pagination multiple)) : |billustrations
336 |atexte|btxt|2rdacontent/fre
337 |ainformatique|bc|2rdamedia/fre
338 |aressource en ligne|bcr|2rdacarrier/fre
500 |a« Rapport soumis à Environnement Canada, Conservation et protection, no. de marché 9-3360, par J.D. Fenwick, Ph.D., Chim.P., Novalab limitée ... »
500 |aÉdition numérisée de l'imprimé [par Environnement et changement climatique Canada].
504 |aComprend des références bibliographiques.
546 |aTexte principalement en français; comprend du texte en anglais.
650 6|aHydrocarbures aromatiques polycycliques|zQuébec (Province)|xAnalyse.
650 6|aAir|zQuébec (Province)|xAnalyse.
650 6|aAir|xPollution|zQuébec (Province)|xMesure.
650 0|aPolycyclic aromatic hydrocarbons|zQuébec (Province)|xAnalysis.
650 0|aAir|zQuébec (Province)|xAnalysis.
650 0|aAir|xPollution|zQuébec (Province)|xMeasurement.
7101 |aCanada. |bConservation et protection. |bRégion du Québec, |eorganisme de publication.
85640|qPDF|s1.57 Mo|uhttps://publications.gc.ca/collections/collection_2025/eccc/en154/En154-257-1989-fra.pdf